| 000 | 00612nam a2200217Ia 4500 | ||
|---|---|---|---|
| 005 | 20250326145613.0 | ||
| 008 | 250326s9999 xx 000 0 und d | ||
| 037 | _aTextbook | ||
| 040 |
_aFMSL _beng _cFMSL |
||
| 041 |
_aeng _2eng |
||
| 084 |
_aX:8F Q8 _qFMSL |
||
| 100 |
_aBamber M _9751130 |
||
| 245 | 0 |
_aAccounting and fice for managers : decision makeing approach _cBamber M; Parry S |
|
| 250 | _a2 | ||
| 260 |
_aUnited Kingdom _bUnited Kingdom, Kogan Page _c2018 |
||
| 300 | _a474p | ||
| 365 |
_aUKP _b34.99 |
||
| 650 | _aManagement | ||
| 942 |
_cTB _hX:8F Q8 |
||
| 999 |
_c1308145 _d1308145 |
||